|
|
|
|
| LEADER |
01525pam a22003738a 4500 |
| 001 |
00033402 |
| 005 |
20171026081023.0 |
| 008 |
150820s2013 ||||||viesd |
| 020 |
# |
# |
|c 29000
|
| 041 |
0 |
# |
|a vie
|
| 082 |
1 |
# |
|a 373.11
|b T116C
|
| 100 |
1 |
# |
|a Nguyễn, Việt Hùng
|
| 245 |
0 |
0 |
|a Tăng cường năng lực làm công tác giáo viên chủ nhiệm lớp ở trường trung học phổ thông
|b Dành cho giáo viên trung học cơ sở. Module THCS 31-33
|c Nguyễn Việt Hùng, Hà Thế Truyền
|
| 260 |
# |
# |
|a Hà Nội
|b Giáo Dục
|c 2013
|b Đại học sư phạm
|
| 300 |
# |
# |
|a 135 tr.
|c 24 cm.
|
| 490 |
0 |
# |
|a Tài liệu bồi dưỡng phát triển năng lực nghề nghiệp giáo viên
|
| 500 |
# |
# |
|a Đầu bìa sách ghi: Bộ Giáo dục và đào tạo. Cục nhà giáo và cán bộ quản lí cơ sở giáo dục
|
| 653 |
# |
# |
|a Công tác
|
| 653 |
# |
# |
|a Chủ nhiệm
|
| 653 |
# |
# |
|a Giáo dục
|
| 653 |
# |
# |
|a Trung học phổ thông
|
| 653 |
# |
# |
|a Năng lực
|
| 653 |
# |
# |
|a Giáo viên
|
| 700 |
1 |
# |
|a Hà, Thế Truyền
|
| 852 |
# |
# |
|b Kho giáo trình
|j KGT.0049489, KGT.0049490
|
| 852 |
# |
# |
|b Kho mượn
|j KGT.0049489
|
| 852 |
# |
# |
|j KD.0016784
|j KGT.0049489
|j KGT.0049490
|
| 852 |
# |
# |
|b Kho đọc
|j KD.0016784
|
| 910 |
# |
# |
|a kchi
|d 20/8
|
| 980 |
# |
# |
|a Trung tâm Học liệu Lê Vũ Hùng, Trường Đại học Đồng Tháp
|